Normal view
MARC view
Entry Personal Name
001 - CONTROL NUMBER
- control field: 4690
003 - CONTROL NUMBER IDENTIFIER
- control field: dpl
005 - DATE AND TIME OF LATEST TRANSACTION
- control field: 20100803103530.0
008 - FIXED-LENGTH DATA ELEMENTS
- fixed length control field: 100803|||a|||||| | ||| d
040 ## - CATALOGING SOURCE
- Original cataloging agency: dpl
- Transcribing agency: dpl
100 ## - HEADING--PERSONAL NAME
- Personal name: Tagore, Rabindranath
670 ## - SOURCE DATA FOUND
- Source citation: Work cat.: (dpl)38834: Tagore, Rabindranath, Inspiring thoughts /, 2010
670 ## - SOURCE DATA FOUND
- Source citation: Work cat.: (dpl)38834: Tagore, Rabindranath, Inspiring thoughts /, 2010
